000 00477nam a2200193Ia 4500
003 OSt
005 20221005120908.0
006 a|||||r|||| 00| 0
007 ta
008 221004b |||||||| |||| 00| 0 eng d
024 _a112018
037 _cTextual
040 _aCRL
_cCRL
_beng
041 _2eng
_aeng
245 0 _aForth report on the federal public service commission for the period -----
260 _c1961
942 _cTEXL
_2cc
999 _c1039449
_d1039449